| 000 | 02070nam a2200241 a 4500 | ||
|---|---|---|---|
| 001 | 000037639 | ||
| 005 | 20250701135406.0 | ||
| 008 | 121023s2011 dr ad 001 0 spa d | ||
| 040 |
_aDO-SdBNP _bspa _cBNPHU |
||
| 082 |
_a658.404 _bR311m |
||
| 245 | 0 | 0 |
_aRecopilación de los mejores proyectos : _blibro conmemorativo 2010. |
| 260 |
_aSanto Domingo : _bODEBRECHT, _c[2011?]. |
||
| 300 |
_a252 p. : _bil., gráfcs. ; _c25 cm. |
||
| 504 | _aIncluye bibliografía y notas al pie de páginas y al final de capítulos. | ||
| 505 | 0 |
_tPropuesta de una vivienda modelo bioconstruida en República Dominicana con aprovechamiento de aguas grises, negras y pluviales -- _tEstudio técnico para la instalación de un sistema energético a base de biogás aplicable a las cárceles de República Dominicana. Caso: cárcel modelo de Najayo -- _tEnergía solar en busca de la mejora en el sector eléctrico dominicano -- _tDiseño y construcción de un sistema de energía solar para la biblioteca de SEDE de la Universidad Tecnológica de Santiago (UTESA) actualmente en construcción, año 2010 -- _tEstudio de pavimentos sostenibles: hormigón permeable en estacionamientos de vehículos -- _tPropuesta de instalación de urinales que no usan agua a nivel nacional en República Dominicana -- _tGPS Ambiental: Sistema de navegación para la disminución de gases de invernadero -- _tPropuesta de diseño de un sistema de control de supervisión para la reducción de pérdidas y detección de fugas de agua potable en la ciudad de Santo Domingo -- _tSistema de monitoreo de gases de efecto invernadero (GGMS) -- _tSistema de monitoreo de gases de redes hidrográficas. |
|
| 586 | _aPremio ODEBRECHT para el desarrollo sostenible República Dominicana - 2010. | ||
| 590 | _aInventariado, 2018/ YL | ||
| 650 | 4 |
_aEvaluación de proyectos _xAspectos económicos _96642 |
|
| 650 | 4 |
_aDesarrollo experimental _920597 |
|
| 650 | 0 |
_aProyectos de desarrollo económico _96643 |
|
| 650 | 4 |
_aDesarrollo sostenible _xInnovaciones tecnológicas _964113 |
|
| 910 | _aValidado. Control de calidad EMS | ||
| 999 |
_c37129 _d37129 |
||